<?xml version="1.0" encoding="UTF-8"?>
<record
    xmlns:xsi="http://www.w3.org/2001/XMLSchema-instance"
    xsi:schemaLocation="http://www.loc.gov/MARC21/slim http://www.loc.gov/standards/marcxml/schema/MARC21slim.xsd"
    xmlns="http://www.loc.gov/MARC21/slim">

  <leader>01692nam0a2200397   4500</leader>
  <controlfield tag="001">RU\NLR\BIBL_A\022707334</controlfield>
  <controlfield tag="005">20260203152408.0</controlfield>
  <datafield tag="010" ind1=" " ind2=" ">
    <subfield code="a">978-5-17-163816-0</subfield>
    <subfield code="9">2000</subfield>
  </datafield>
  <datafield tag="021" ind1=" " ind2=" ">
    <subfield code="a">RU</subfield>
    <subfield code="b">&#x41A;&#x41D;-&#x41F;-25-074162</subfield>
    <subfield code="9">&#x41A;&#x41D;-&#x41F;-25-7190</subfield>
  </datafield>
  <datafield tag="035" ind1=" " ind2=" ">
    <subfield code="a">(NLR Aleph) 022707334</subfield>
  </datafield>
  <datafield tag="090" ind1=" " ind2=" ">
    <subfield code="a">13544460</subfield>
    <subfield code="c">13544460</subfield>
  </datafield>
  <datafield tag="100" ind1=" " ind2=" ">
    <subfield code="a">20260122d2026    u  y0rusy50      ca</subfield>
  </datafield>
  <datafield tag="101" ind1="0" ind2=" ">
    <subfield code="a">rus</subfield>
  </datafield>
  <datafield tag="102" ind1=" " ind2=" ">
    <subfield code="a">RU</subfield>
  </datafield>
  <datafield tag="105" ind1=" " ind2=" ">
    <subfield code="a">a   z   000ay</subfield>
  </datafield>
  <datafield tag="181" ind1=" " ind2="0">
    <subfield code="a">i3</subfield>
    <subfield code="b">axxe  </subfield>
  </datafield>
  <datafield tag="181" ind1=" " ind2="0">
    <subfield code="a">b1</subfield>
    <subfield code="b">xb2e  </subfield>
  </datafield>
  <datafield tag="182" ind1=" " ind2="0">
    <subfield code="a">n</subfield>
  </datafield>
  <datafield tag="200" ind1="1" ind2=" ">
    <subfield code="a">&#x41F;&#x43E;&#x434; &#x441;&#x432;&#x435;&#x442;&#x43E;&#x43C; &#x43B;&#x430;&#x43C;&#x43F;&#x44B;</subfield>
    <subfield code="e">&#x43C;&#x43E;&#x43C;&#x435;&#x43D;&#x442;&#x44B; &#x442;&#x438;&#x445;&#x43E;&#x433;&#x43E; &#x441;&#x447;&#x430;&#x441;&#x442;&#x44C;&#x44F;</subfield>
    <subfield code="e">&#x442;&#x435;&#x43F;&#x43B;&#x44B;&#x435; &#x432;&#x435;&#x447;&#x435;&#x440;&#x43D;&#x438;&#x435; &#x440;&#x430;&#x441;&#x441;&#x43A;&#x430;&#x437;&#x44B;</subfield>
    <subfield code="f">C&#x430;&#x448;&#x430; &#x41F;&#x430;&#x443;&#x43B;&#x430;&#x43D;, &#x41B;&#x435;&#x432; &#x41A;&#x443;&#x437;&#x44C;&#x43C;&#x438;&#x43D;&#x441;&#x43A;&#x438;&#x439;, &#x41B;&#x435;&#x440;&#x430; &#x41F;&#x435;&#x440;&#x435;&#x441;&#x43B;&#x430;&#x432;&#x446;&#x435;&#x432;&#x430;, &#x410;&#x43D;&#x43D;&#x430; &#x420;&#x44B;&#x436;&#x430;&#x43A;</subfield>
  </datafield>
  <datafield tag="203" ind1=" " ind2=" ">
    <subfield code="a">&#x422;&#x435;&#x43A;&#x441;&#x442;</subfield>
    <subfield code="a">&#x418;&#x437;&#x43E;&#x431;&#x440;&#x430;&#x436;&#x435;&#x43D;&#x438;&#x435;</subfield>
    <subfield code="b">&#x432;&#x438;&#x437;&#x443;&#x430;&#x43B;&#x44C;&#x43D;&#x44B;&#x435;</subfield>
    <subfield code="c">&#x43D;&#x435;&#x43F;&#x43E;&#x441;&#x440;&#x435;&#x434;&#x441;&#x442;&#x432;&#x435;&#x43D;&#x43D;&#x44B;&#x435;</subfield>
  </datafield>
  <datafield tag="210" ind1=" " ind2=" ">
    <subfield code="a">&#x41C;&#x43E;&#x441;&#x43A;&#x432;&#x430;</subfield>
    <subfield code="c">&#x410;&#x421;&#x422;</subfield>
    <subfield code="d">2026 (&#x43F;&#x435;&#x447;. 2025)</subfield>
  </datafield>
  <datafield tag="215" ind1=" " ind2=" ">
    <subfield code="a">154, [4] &#x441;.</subfield>
    <subfield code="c">&#x438;&#x43B;., &#x442;&#x430;&#x431;&#x43B;., &#x446;&#x432;. &#x438;&#x43B;.</subfield>
    <subfield code="d">24</subfield>
  </datafield>
  <datafield tag="225" ind1="1" ind2=" ">
    <subfield code="a">&#x423;&#x44E;&#x442;&#x43D;&#x44B;&#x439; &#x440;&#x430;&#x437;&#x433;&#x43E;&#x432;&#x43E;&#x440;</subfield>
  </datafield>
  <datafield tag="300" ind1=" " ind2=" ">
    <subfield code="a">&#x41D;&#x430; &#x43F;&#x435;&#x440;. &#x430;&#x432;&#x442;. &#x43D;&#x435; &#x443;&#x43A;&#x430;&#x437;&#x430;&#x43D;&#x44B;</subfield>
  </datafield>
  <datafield tag="327" ind1="1" ind2=" ">
    <subfield code="a">&#x421;&#x43E;&#x434;&#x435;&#x440;&#x436;. &#x446;&#x438;&#x43A;&#x43B;&#x44B;.: &#x41D;&#x43E;&#x432;&#x44B;&#x435; &#x432;&#x440;&#x435;&#x43C;&#x435;&#x43D;&#x430; &#x433;&#x43E;&#x434;&#x430; ; &#x422;&#x435;&#x43F;&#x43B;&#x43E; &#x440;&#x43E;&#x434;&#x43D;&#x44B;&#x445; &#x43B;&#x44E;&#x434;&#x435;&#x439; ; &#x414;&#x430;&#x440;&#x44B; &#x433;&#x43E;&#x441;&#x442;&#x435;&#x43F;&#x440;&#x438;&#x438;&#x43C;&#x441;&#x442;&#x432;&#x430; ; &#x41C;&#x430;&#x433;&#x438;&#x44F; &#x432;&#x441;&#x442;&#x440;&#x435;&#x447;&#x438;</subfield>
  </datafield>
  <datafield tag="333" ind1=" " ind2=" ">
    <subfield code="a">16+</subfield>
  </datafield>
  <datafield tag="686" ind1="2" ind2=" ">
    <subfield code="a">&#x428;6(2=&#x420;)8-440.5</subfield>
  </datafield>
  <datafield tag="701" ind1=" " ind2="1">
    <subfield code="a">&#x41F;&#x430;&#x443;&#x43B;&#x430;&#x43D;</subfield>
    <subfield code="b">&#x410;.</subfield>
    <subfield code="f">1990-</subfield>
    <subfield code="g">&#x410;&#x43B;&#x435;&#x43A;&#x441;&#x430;&#x43D;&#x434;&#x440;</subfield>
    <subfield code="3">RU\NLR\AUTH\770264114</subfield>
  </datafield>
  <datafield tag="701" ind1=" " ind2="1">
    <subfield code="a">&#x41A;&#x443;&#x437;&#x44C;&#x43C;&#x438;&#x43D;&#x441;&#x43A;&#x438;&#x439;</subfield>
    <subfield code="b">&#x41B;.</subfield>
    <subfield code="g">&#x41B;&#x435;&#x432;</subfield>
  </datafield>
  <datafield tag="701" ind1=" " ind2="1">
    <subfield code="a">&#x41F;&#x435;&#x440;&#x435;&#x441;&#x43B;&#x430;&#x432;&#x446;&#x435;&#x432;&#x430;</subfield>
    <subfield code="b">&#x41B;.</subfield>
    <subfield code="g">&#x41B;&#x435;&#x440;&#x430;</subfield>
  </datafield>
  <datafield tag="701" ind1=" " ind2="1">
    <subfield code="a">&#x420;&#x44B;&#x436;&#x430;&#x43A;</subfield>
    <subfield code="b">&#x410;.</subfield>
    <subfield code="g">&#x410;&#x43D;&#x43D;&#x430;</subfield>
  </datafield>
  <datafield tag="942" ind1=" " ind2=" ">
    <subfield code="c">BOOK</subfield>
  </datafield>
  <datafield tag="980" ind1=" " ind2=" ">
    <subfield code="a">NB</subfield>
  </datafield>
</record>
